| 000 | 01037cam a22002417a 4500 | ||
|---|---|---|---|
| 020 | _a0521690331 (pbk.) | ||
| 020 | _a0521870151 (hbk.) | ||
| 020 | _a9780521690331 (pbk.) | ||
| 020 | _a9780521870153 (hbk.) | ||
| 082 | 0 | 4 |
_a551.6 _bBUR _c N-02,P-64 |
| 100 | 1 |
_aBurroughs, William James. _936311 |
|
| 245 | 1 | 0 |
_aClimate change : _ba multidisciplinary approach / _cWilliam James Burroughs. |
| 250 | _a2nd ed. | ||
| 260 |
_aCambridge ; _aNew York : _bCambridge University Press, _c2007. |
||
| 300 |
_axi, 378 p. : _bill., maps ; _c25 cm. |
||
| 500 | _aPrevious ed.: 2001. | ||
| 526 |
_a0 _b0 _c0 _d551_600000000000000_BUR |
||
| 650 | 0 |
_aClimatic changes. _bNUST _936312 |
|
| 856 | 4 | 1 | _uhttp://www.loc.gov/catdir/enhancements/fy0810/2008271284-t.html |
| 856 | 4 | 2 | _uhttp://www.loc.gov/catdir/enhancements/fy0810/2008271284-b.html |
| 856 | 4 | 2 | _uhttp://www.loc.gov/catdir/enhancements/fy0810/2008271284-d.html |
| 942 |
_2ddc _cBK |
||
| 999 |
_c541440 _d541440 |
||